[Event "AUS-ch reserves"]
[Site "Melbourne"]
[Date "2002.01.08"]
[Round "10"]
[White "McCart, Richard"]
[Black "Petty, Russell"]
[Result "1-0"]
[WhiteElo "1689"]
[BlackElo "1652"]
[PlyCount "67"]
[EventDate "2001.12.28"]
[EventType "swiss"]
[EventRounds "11"]
[EventCountry "AUS"]
[SourceTitle "EXT 2003"]
[Source "ChessBase"]
[SourceDate "2002.11.25"]
[SourceVersion "1"]
[SourceVersionDate "2002.11.25"]
[SourceQuality "1"]

1. Nf3 f5 2. d4 Nf6 3. Bf4 b6 4. h3 Bb7 5. e3 e6 6. Be2 d6 7. c4 Nbd7 8. 0-0 Be7 9. Ng5 Nf8 10. Nc3 Qd7 11. a4 h6 12. Nf3 Ng6 13. Bh2 a5 14. d5 e5 15. c5 dxc5 16. Nxe5 Nxe5 17. Bxe5 0-0 18. Qb3 Bd6 19. Bxf6 Rxf6 20. e4 fxe4 21. Nxe4 Rff8 22. Bg4 Qd8 23. Rad1 Kh8 24. Rfe1 Bc8 25. Be6 Rb8 26. Re3 Ra8 27. Rde1 Bf4 28. Rf3 Bd6 29. Ng3 Rxf3 30. Qxf3 Qf8 31. Nf5 Ba6 32. Re4 Re8 33. g4 g6 34. Qc3+ 1-0